| 000 | 00802cam a2200253 4500 | ||
|---|---|---|---|
| 001 | 2740450 | ||
| 003 | OSt | ||
| 005 | 20140310182026.0 | ||
| 008 | 700707s1970 njuac b 001 0 eng | ||
| 020 | _a0553139561 | ||
| 040 |
_aDLC _cDLC _dDLC |
||
| 050 | 0 | 0 |
_aBF 1028.5 _b.Os85 1979 |
| 082 | 0 | 0 |
_aHS 133 _bOs7 1970 |
| 100 | 1 |
_aOstrander, Sheila. _99932 |
|
| 245 | 1 | 0 |
_aPsychic discoveries behind the iron curtain / _cSheila Ostrander and Lynn Schroeder. Introd. by Ivan T. Sanderson. |
| 260 |
_aNew York : _bBantam Books, _cc1970. |
||
| 300 |
_a457 p. : _bill. ; _c18 cm. |
||
| 350 | _a8.95 | ||
| 650 | 0 |
_aParapsychology _zEurope, Eastern. _99933 |
|
| 700 | 1 |
_aSchroeder, Lynn, _d1935- _ejoint author. _99934 |
|
| 906 |
_a7 _bcbc _corignew _du _encip _f19 _gy-gencatlg |
||
| 942 |
_2lcc _cHS |
||
| 999 |
_c8488 _d8488 |
||